Zhodnotenie zadlženosti Slovenskej republiky a plnenie dlhovej služby v roku 1997

Vývoj zahraničnej zadlženosti v roku 1997. Plnenie zahraničnej dlhovej služby vlády SR a NBS a jej menová štruktúra. Devízové výnosové položky. Vplyv zahraničnej dlhovej služby SR na vývoj devízových rezerv a jej predikcia na rok 1998.

Gespeichert in:
Bibliographische Detailangaben
1. Verfasser: Kyjac, Pavol
Format: Buchkapitel
Sprache:Slowakisch
Schlagworte:
Tags: Tag hinzufügen
Keine Tags, Fügen Sie das erste Tag hinzu!

MARC

LEADER 00000naa a2200000 4500
001 r032047
005 20221130064133.2
041 0 |a slo 
044 |a SK 
245 1 0 |a Zhodnotenie zadlženosti Slovenskej republiky a plnenie dlhovej služby v roku 1997  |c Pavol Kyjac 
520 |a Vývoj zahraničnej zadlženosti v roku 1997. Plnenie zahraničnej dlhovej služby vlády SR a NBS a jej menová štruktúra. Devízové výnosové položky. Vplyv zahraničnej dlhovej služby SR na vývoj devízových rezerv a jej predikcia na rok 1998. 
610 2 0 |a zadlženosť 
610 2 0 |a zadlženosť zahraničná 
610 2 0 |a Slovensko 
610 2 0 |a NBS Bratislava 
610 2 0 |a vláda 
610 2 0 |a dlhy štátne 
610 2 0 |a rezervy devízové 
610 2 0 |a 1997 
610 2 0 |a 1998 
100 1 |a Kyjac, Pavol